'Red Right Hand' Peaky Blinders Theme Song Missing Lyrics Quiz - Statistics

General Stats
  • This quiz has been taken 275 times
  • The average score is 9 of 17
Answer Stats
Lyrics % Correct
With a {red} {right} {hand}
91%
Take a little walk to the {edge} {of} {town}
77%
On a gathering {storm} comes
73%
A {tall} {handsome} {man}
70%
In a {dusty} {black} {coat}
66%
Go across the {tracks}
56%
Where {secrets} lie in the border fires
52%
Past the {bridge},
49%
You're never {coming} {back}
48%
Where the {viaduct} looms
46%
As it {shifts} {and} {cracks}
44%
Hey man, {you} {know}
44%
Like a {bird} {of} {doom}
44%
In the humming {wires}
41%
Past the {mills}.
38%
Past the {stacks}
37%
Past the {square}.
27%
No matching quizzes found
Score Distribution
Percent of People with Each Score
Percentile by Number Answered
Your Score History
You have not taken this quiz